| 000 | 00853nam a22002417a 4500 | ||
|---|---|---|---|
| 999 |
_c61210 _d61210 |
||
| 005 | 20240530110449.0 | ||
| 008 | 150503s2012 ua g b 000 0 ara d | ||
| 017 |
_a14260/2011 _bمصر . دار الكتب المصرية |
||
| 020 | _a9789773191449 | ||
| 040 | _aEG-CaGPL | ||
| 082 | 0 | 4 |
_221 _a153.6/ _bف ع |
| 100 | 0 | _aفتحى حسين عامر | |
| 245 | 1 | 0 |
_aعلم النفس الاعلامى / _cفتحى حسين عامر |
| 250 | _aط1 | ||
| 260 |
_aالقاهرة : _bالعربى للنشر و التوزيع ، _c2012 . |
||
| 300 |
_a214 ص ؛ _c24 سم . |
||
| 490 | _aدراسات فى الاعلام | ||
| 504 | _aيشتمل على ارجاعات ببليوجرافية | ||
| 650 | 0 | 4 |
_aالاتصال _xعلم نفس |
| 650 | 0 | 4 | _aوسائل الاعلام |
| 942 |
_2ddc _cBK |
||